| 000 | 01495cam a22003977a 4500 | ||
|---|---|---|---|
| 003 | CHAP | ||
| 005 | 20220329142731.0 | ||
| 008 | 030325d2002 mx ab r 00110 spa d | ||
| 010 | _a87028 | ||
| 011 | _a88000 | ||
| 035 | _a98545 | ||
| 040 | _cCHAP | ||
| 090 | _aTesis | ||
| 100 | 0 | 0 |
_aRucoba García, Rodrigo. _9100520 |
| 245 | 1 | 0 |
_aInstalación de un centro de almacenado, secado, limpia, cribado y envasado de maiz en Ayotzintepec Oaxaca _c/por Rodrigo Rucoba García y Mario Ibañez Salinas |
| 260 |
_aChapingo, Méx. : _bEl autor, _c2002. |
||
| 300 |
_a69 h. ; _bilus. ; mapas, ; cuadros, ; gráfs. |
||
| 502 | _aTesis (Ing. en Agroecología) -- UACH. Departamento de Agroecología | ||
| 590 |
_aALEPH _b10 _c20130110 _lUCH01 _h1452 |
||
| 590 |
_aBATCH-UPD _b10 _c20130110 _lUCH01 _h0432 |
||
| 590 |
_aBATCH-UPD _b10 _c20130410 _lUCH01 _h0108 |
||
| 590 |
_aBATCH-UPD _b10 _c20130410 _lUCH01 _h1641 |
||
| 590 |
_aBATCH-UPD _b10 _c20130914 _lUCH01 _h1628 |
||
| 590 |
_aCONVERSION _b10 _c20130109 _lUCH01 _h1348 |
||
| 650 | 0 | 4 |
_aMaíz _xTecnología postcosecha. _971069 |
| 650 | 1 | 4 |
_aMaíz _xAlmacenamiento. _970853 |
| 650 | 1 | 4 |
_aMaíz _xAspectos económicos _xOaxaca. _970879 |
| 650 | 1 | 4 |
_aMaíz _xProcesado. _971040 |
| 650 | 1 | 4 |
_aValor agregado. _9117668 |
| 700 | 0 | 0 |
_aIbañez Salinas, Mario. _957147 |
| 901 | _aBK | ||
| 905 | _aMayto Villalobos S. | ||
| 942 | _cFOLL | ||
| 949 |
_aTesis _bBC _cTES _d33724000887295 _eTS2 _h40707 _i98545 _si |
||
| 949 |
_aTesis _bBC _cTES _d98545 _eTS1 _h40706 _i98545 _sb |
||
| 999 |
_c87028 _d87028 |
||